[Event "RSA-ch U18"]
[Site "Cape Town"]
[Date "2002.12.11"]
[Round "1"]
[White "Kgatle, M."]
[Black "Garnham, MR."]
[Result "0-1"]
[WhiteElo "1000"]
[BlackElo "1422"]
[PlyCount "40"]
[EventDate "2002.12.11"]
[EventType "tourn"]
[EventRounds "9"]
[EventCountry "RSA"]
[SourceTitle "EXT 2007"]
[Source "ChessBase"]
[SourceDate "2006.11.23"]
[SourceVersion "1"]
[SourceVersionDate "2006.11.23"]
[SourceQuality "1"]

1. d4 Nf6 2. c3 g6 3. e3 Bg7 4. Bd3 d6 5. Bd2 0-0 6. Na3 e5 7. b3 Nc6 8. Ne2 Qe7 9. Qb1 e4 10. Bc2 d5 11. Ng3 Qxa3 12. c4 dxc4 13. bxc4 Qd6 14. Nxe4 Nxe4 15. Bxe4 Rb8 16. Bc3 Qe7 17. Bxc6 Bxd4 18. Bxd4 Bf5 19. Qb5 bxc6 20. Qxc6 Be4 0-1